| 000 | 00358nam a22001457a 4500 | ||
|---|---|---|---|
| 003 | MACL | ||
| 005 | 20171102131947.0 | ||
| 008 | 171102b xxu||||| |||| 00| 0 eng d | ||
| 040 | _cmacl | ||
| 100 |
_aHale, Roger R. _969383 |
||
| 245 | _aThree Chinese Travellers in India | ||
| 260 |
_aNew Delhi _bKW _c2016 |
||
| 650 |
_aMotivation _917135 |
||
| 942 |
_2ddc _cBK |
||
| 999 |
_c57128 _d57128 |
||